Eastern Utah Libraries Catalog: Duchesne, Heber, Roosevelt, & Vernal

Wait for me (Record no. 239381)

MARC details
000 -LEADER
fixed length control field 01659pam a2200469 i 4500
001 - CONTROL NUMBER
control field 2794906
005 - DATE AND TIME OF LATEST TRANSACTION
control field 20220316155617.0
008 - FIXED-LENGTH DATA ELEMENTS--GENERAL INFORMATION
fixed length control field 180921t20182018meu d 000 1 eng
010 ## - LIBRARY OF CONGRESS CONTROL NUMBER
LC control number 2018043950
020 ## - INTERNATIONAL STANDARD BOOK NUMBER
International Standard Book Number 9781643580203 (hardcover : alk. paper) :
Terms of availability $36.95
020 ## - INTERNATIONAL STANDARD BOOK NUMBER
International Standard Book Number 1643580205 :
Terms of availability $36.95
035 ## - SYSTEM CONTROL NUMBER
System control number (OCoLC)1054262248
035 ## - SYSTEM CONTROL NUMBER
System control number (DLC)on1054262248
035 ## - SYSTEM CONTROL NUMBER
System control number 2770416
040 ## - CATALOGING SOURCE
Original cataloging agency DLC
Language of cataloging eng
Description conventions rda
Transcribing agency DLC
042 ## - AUTHENTICATION CODE
Authentication code pcc
043 ## - GEOGRAPHIC AREA CODE
Geographic area code n-us-mt
049 ## - LOCAL HOLDINGS (OCLC)
Holding library IGAA
050 10 - LIBRARY OF CONGRESS CALL NUMBER
Classification number PS3623.A865
Item number W35 2018b
082 00 - DEWEY DECIMAL CLASSIFICATION NUMBER
Classification number 813/.6
Edition number 23
092 ## - LOCALLY ASSIGNED DEWEY CALL NUMBER (OCLC)
Classification number F
999 ## - SYSTEM CONTROL NUMBERS (KOHA)
Koha Dewey Subclass [OBSOLETE] F
100 1# - MAIN ENTRY--PERSONAL NAME
Personal name Warren, Susan May,
Dates associated with a name 1966-
Relator term author.
9 (RLIN) 5723459
245 10 - TITLE STATEMENT
Title Wait for me
Medium [large print] /
Statement of responsibility, etc Susan May Warren.
250 ## - EDITION STATEMENT
Edition statement Center Point Large Print edition.
264 #1 - Production, Publication, Distribution, Manufacture, and Copyright Notice.
Place of production, publication, distribution, manufacture Thorndike, Maine :
Name of producer, publisher, distributor, manufacturer Center Point Large Print,
Date of production, publication, distribution, manufacture, or copyr 2018.
264 #4 - Production, Publication, Distribution, Manufacture, and Copyright Notice.
Date of production, publication, distribution, manufacture, or copyr ©2018
300 ## - PHYSICAL DESCRIPTION
Extent 431 pages (large print) ;
Dimensions 23 cm.
336 ## - Content Type
Content type term text
337 ## - Media type
Media type term unmediated
338 ## - Carrier type
Carrier type term volume
490 1# - SERIES STATEMENT
Series statement Montana rescue
520 ## - SUMMARY, ETC.
Summary, etc "When two women go missing in the Montana wilderness, Pete Brooks must trust his skills, teammates--and the woman who broke his heart--if he hopes to bring them all home alive"--
650 #0 - SUBJECT ADDED ENTRY--TOPICAL TERM
Topical term or geographic name as entry element Women air pilots
Form subdivision Fiction.
9 (RLIN) 5701802
650 #0 - SUBJECT ADDED ENTRY--TOPICAL TERM
Topical term or geographic name as entry element Helicopter pilots
Form subdivision Fiction.
9 (RLIN) 5747407
650 #0 - SUBJECT ADDED ENTRY--TOPICAL TERM
Topical term or geographic name as entry element Rescue work
Geographic subdivision Montana
Form subdivision Fiction.
9 (RLIN) 5734769
650 #0 - SUBJECT ADDED ENTRY--TOPICAL TERM
Topical term or geographic name as entry element Man-woman relationships
Form subdivision Fiction.
9 (RLIN) 5674079
650 #0 - SUBJECT ADDED ENTRY--TOPICAL TERM
Topical term or geographic name as entry element Large type books.
650 #7 - SUBJECT ADDED ENTRY--TOPICAL TERM
Topical term or geographic name as entry element FICTION / Christian / Romance / General.
Source of heading or term bisacsh
800 1# - SERIES ADDED ENTRY--PERSONAL NAME
Personal name Warren, Susan May,
Dates associated with a name 1966-
Title of a work Montana rescue.
9 (RLIN) 5743977
942 ## - ADDED ENTRY ELEMENTS (KOHA)
Source of classification or shelving scheme Dewey Decimal Classification
Koha item type BOOK
Holdings
Withdrawn status Lost status Source of classification or shelving scheme Damaged status Not for loan Collection code Home library Current library Shelving location Date acquired Source of acquisition Cost, normal purchase price Total Checkouts Total Renewals Full call number Barcode Date last seen Date checked out Cost, replacement price Price effective from Koha item type
    Dewey Decimal Classification     Large Print Wasatch County Library Wasatch County Library First Floor 01/16/2019 Centerpoint 36.95 10 3 F Warren 34301001571472 12/17/2025 12/01/2025 36.95 03/20/2020 BOOK
This project was made possible through a grant from the Institute of Museum and Library Service administered by the Utah State Library Division.

Wasatch County Library

  • 465 East 1200 South, Heber City, Utah 84032
  • Phone 435-654-1511 | Fax 435-654-6456

Hours

  • Monday - Friday 9:30 AM - 8:00 PM
  • Saturday 9:30 AM - 1:30 PM
  • Closed Sundays and Holidays